[Event "Moscow Itkin Memorial"]
[Site "Moscow"]
[Date "2012.08.23"]
[Round "6"]
[White "Krylov, Sergey V"]
[Black "Chadaeva, Tatiana"]
[Result "0-1"]
[WhiteElo "1487"]
[BlackElo "1868"]
[PlyCount "40"]
[EventDate "2012.08.12"]
[EventType "swiss"]
[EventRounds "9"]
[EventCountry "RUS"]
[SourceTitle "EXT 2022"]
[Source "ChessBase"]
[SourceDate "2021.10.06"]
[SourceVersion "1"]
[SourceVersionDate "2021.10.06"]
[SourceQuality "1"]

1. Nf3 d5 2. c4 e6 3. g3 g6 4. Bg2 Bg7 5. cxd5 exd5 6. d4 Nf6 7. Nc3 0-0 8. 0-0 Nc6 9. b3 Ne4 10. Bb2 Bg4 11. e3 Ne7 12. Qc2 Bf5 13. Nh4 Nxg3 14. Nxf5 Ngxf5 15. Ba3 Re8 16. Ne2 Nh4 17. Bb2 Nef5 18. Ng3 c6 19. Bh1 Qg5 20. Qe2 Nxd4 0-1